000 00493nam a2200193Ia 4500
008 151121s9999||||xx |||||||||||||| ||und||
082 _a327/
082 _bHNW-51234
100 _aPublisher
245 3 _aAn Alternative To War Or Surrender
260 _bCharles E। Osgood Uni।
260 _c--
300 _a183
600 _aPublisher
630 _aAn Alternative To War Or Surrender
700 _aPublisher
730 _aAn Alternative To War Or Surrender
942 _cBOOK
999 _c1235685
_d1235682